000 01198cam a2200313 a 4500
001 17337680
003 OSt
005 20180117085945.0
008 120608s2012 caua b 001 0 eng
010 _a 2012021605
020 _a9788132106975 (pbk. : alk. paper)
020 _a8132106970 (pbk. : alk. paper)
040 _aDLC
_cDLC
_dDLC
042 _apcc
043 _aa-ii---
050 0 0 _aHT169.I5
_bK85 2012
082 0 0 _a307.1/2160954
_223
100 1 _aKulshrestha, S. K.
245 1 0 _aUrban and regional planning in India :
_ba handbook for professional practice /
_cS. K. Kulshrestha.
260 _aLos Angeles :
_bSAGE Publications,
_c2012.
300 _axxi, 299 p. :
_bill. ;
_c25 cm.
504 _aIncludes bibliographical references (p. 287-290) and index.
650 0 _aCity planning
_zIndia.
650 0 _aRegional planning
_zIndia.
906 _a7
_bcbc
_corignew
_d1
_eecip
_f20
_gy-gencatlg
942 _2ddc
_cBK
999 _c2623
_d2623